000 00616nam a2200229Ia 4500
001 18440
003 GE_BSU
008 181216s||||||||xx |||||||||||||| ||und||
020 _a9780521389440
040 _cGE_BSU
080 _a658
245 _aHandbook of Career Theory
245 _cEdited by M.B.Arthur, Douglas T.H., Lawrence
260 _aCambridge
260 _bCambridge university press
260 _c1996
300 _a549p. 24cm.
653 _aHandbook of Career Theory
653 _aკარიერა
653 _aწარმოების ორგანიზაცია
942 _cBK
999 _c51454
_d51454